000 00560nam a2200205 i 4500
001 bgj
100 1 _aMAAS, Peter
_d(1929- ).
245 1 0 _aFather and son :
_ba novel /
_cby Peter Maas.
260 _aNew York [etc.] :
_bSimon and Schuster,
_cc. 1989.
300 _a316 pp ;
_c25 cm.
650 9 _aIrish Republican Army
650 9 _aFathers and sons
655 _aFiction
020 _a0671631721 (hbk, jacket)
040 _cBPK
041 0 _aeng
920 _a0-671-63172-1 (hbk, jacket)
942 _cKS
008 s uk f |000 0 eng
999 _c47270
_d47270
856 _uhttp://koha.tu.koszalin.pl/cgi-bin/koha/opac-detail.pl?biblionumber=47270
_yKatalog online BPK